01569 2200241 4500001002100000005001500021035002000036245016200056100002500218300002100243700003000264260003300294082001400327084002000341020002200361650001100383008004100394500006700435520076800502990001901270990001901289990001901308INLIS00000000001508920260202030937 a0010-02260000041 aMakkah paruh kedua abad ke-19 :bkehidupan sehari-hari, adat istiadat, pusta belajar agama, dan kaum muslim Asia Tenggara yang berhaji /cC. Snouck Hurgronje0 aHurgronje, C. Snouck a482 hlm.; 20 cm.0 aYudi Santoso (Penerjemah) aYogyakarta :bIRCiSoD,c2024 a297.415 7 a297.415 7 HUR m a978-623-8108-71-8 aMakkah260202 d 0 ind  aJudul asli: Mekka in the latter part of the 19th century vol.I aSecara keseluruhan, buku ini adalah karya monumental memadukan narasi observatif, riset disipliner, dan dokumentasi asli sebagai pintu gerbang memahami Makkah bukan hanya sebagai kota suci, tetapi juga laboratorium sosial-budaya interregional. Meskipun ada kritik atas pendekatan dan bias etnis, kontribusinya tetap sangat bernilai bagi sejarawan, antropolog, akademisi Islam, dan pembaca awam yang ingin menelusuri kehidupan Makkah secara autentik di era pra-modern. Buku ini sangat direkomendasikan bagi para akademisi dan peneliti sejarah/antropologi Islam, selain itu baik juga untuk mahasiswa studi Asia Tenggara dan Timur Tengah, selanjutnya untuk pembaca yang mengejar perspektif historis berbeda dari umum dan kolektor dokumentasi visual sejarah Islam. a025.4945/PC/25 a025.4946/PC/25 a025.4947/PC/25